000 00940nam a2200265 i 4500
003 DO-SdBNP
005 20250421114516.0
007 ta
008 250421b2024 sp ab||| |||| 00| 0 fre d
020 _a9789945801132
040 _aDO-SdBNP
_bspa
_cBNPHU
_erda
041 _afre
082 4 _axxx
_bL318c
_222
100 1 _aLara Espinal, Maike Miguel,
_d2002-
_eautor
_4aut.
_987483
245 1 0 _aComment réussir légalement aux États-Unis :
_bguide de survie pour les avocats étrangers /
_cMaike Miguel Lara Espinal
264 4 _a[Lugar de publicación no identificado]
_bMaike Miguel Lara Espinal,
_c©2024.
300 _a153 páginas :
_bilustraciones, mapas ;
_c23 cm.
336 _atexto
_btxt
_2rdacontent
337 _asin mediación
_bn
_2rdamedia
338 _avolumen
_bnc
_2rdacarrier
500 _aIncluye datos biográficos del autor en la pagina 153
590 _aInventariado, 2025 /LP
910 _aLP
942 _2ddc
_cLBS1
999 _c58732
_d58732